000 00609nam a2200205Ia 4500
001 12766
003 GE_BSU
008 181216s||||||||xx |||||||||||||| ||und||
040 _cGE_BSU
080 _a632(035)
245 _aСловарь-справочник фитопатолога
245 _cПод ред.Н.П.Головина. Ред.Л.Н.Жданова
250 _a2-ое дополн.
260 _aЛенинград
260 _bКолос
260 _c1967
300 _a384стр.илл.20см.
653 _aСловарь-справочник фитопатолога
942 _cBK
999 _c45937
_d45937